000
00281nam a2200121Ia 4500
008
190216s9999||||xx |||||||||||||| ||und||
100
_a
Desai S S M
245
0
_a
Economic Systems
260
_b
Himalaya Publishing House
_c
1982
300
_a
426p
650
_a
Economics
942
_c
BK
999
_c
9699
_d
9699